Journal of experimental and molecular biology
| Título anterior: | Analele științifice ale Universității "Al. I. Cuza" din Iași. Serie nouă. Secțiunea II a, Genetică și biologie moleculară |
|---|---|
| Formato: | Electrónico Revista |
| Lenguaje: | inglés |
| Publicado: |
Iaşi :
Editura Universității "Alexandru Ioan Cuza" din Iaşi,
2018-
|
| Materias: | |
| Acceso en línea: | Full text available from Research Library: 01/01/2003 to 12/31/2003 Full text available from Research Library: 01/01/2005 to 12/31/2005 Full text available from Research Library: 01/01/2007 to 12/31/2015 Full text available from Research Library: 01/01/2018 to present |
MARC
| LEADER | 00000nas a2200000 i 4500 | ||
|---|---|---|---|
| 001 | ssj0002213719 | ||
| 003 | WaSeSS | ||
| 005 | 20200512172242.0 | ||
| 006 | m d | ||
| 007 | cr n | ||
| 008 | 190423c20189999rm qr pss 0 0eng c | ||
| 010 | |a 2019238547 | ||
| 022 | |a 2601-6974 | ||
| 035 | |a (WaSeSS)ssj0002213719 | ||
| 040 | |a DKU |b eng |e pn |c DKU |d OCLCO |d IUL |d OCL |d VT2 |d IUL |d WaSeSS | ||
| 042 | |a pcc | ||
| 050 | 1 | 4 | |a QH506 |b .J666 |
| 210 | 0 | |a J. Exp. Mol. Biol. | |
| 222 | 0 | |a Journal of Experimental and Molecular Biology | |
| 245 | 0 | 0 | |a Journal of experimental and molecular biology |h [electronic resource]. |
| 246 | 0 | 1 | |a Journal of experimental & molecular biology |
| 260 | |a Iaşi : |b Editura Universității "Alexandru Ioan Cuza" din Iaşi, |c 2018- | ||
| 310 | |a Quarterly | ||
| 362 | 0 | |a Vol. 19, no. 1 (2018)- | |
| 506 | |a License restrictions may limit access. | ||
| 588 | |a Description based on: Tome XIX, Number 1 (2018); title from PDF of title page (publisher's website, viewed July 22, 2019). | ||
| 588 | |a Latest issue consulted: Tome XIX, Number 4 (2018). | ||
| 650 | 0 | |a Molecular biology |v Periodicals. | |
| 650 | 0 | |a Biology |x Research |x Experiments |v Periodicals. | |
| 650 | 0 | |a Genetics |v Periodicals. | |
| 650 | 7 | |a Molecular biology. |2 fast |0 (OCoLC)fst01024734 | |
| 650 | 7 | |a Genetics. |2 fast |0 (OCoLC)fst00940117 | |
| 655 | 0 | |a Electronic journals. | |
| 780 | 0 | 0 | |t Analele științifice ale Universității "Al. I. Cuza" din Iași. Serie nouă. Secțiunea II a, Genetică și biologie moleculară |x 2248-3276 |w (DLC) 2012234982 |w (OCoLC)625358773 |
| 856 | 4 | 0 | |z Full text available from Research Library: 01/01/2003 to 12/31/2003 |u https://search.proquest.com/publication/1026367 |
| 856 | 4 | 0 | |z Full text available from Research Library: 01/01/2005 to 12/31/2005 |u https://search.proquest.com/publication/1026367 |
| 856 | 4 | 0 | |z Full text available from Research Library: 01/01/2007 to 12/31/2015 |u https://search.proquest.com/publication/1026367 |
| 856 | 4 | 0 | |z Full text available from Research Library: 01/01/2018 to present |u https://search.proquest.com/publication/1026367 |